|
|
|
|
| LEADER |
00000nab a2200000 a 4500 |
| 001 |
vtls000640285 |
| 003 |
SK-MaSNL |
| 005 |
20260304100705.0 |
| 008 |
250425c1997 xo 0 slo |
| 015 |
|
|
|a SNBRB19rr/mm-uuuuu
|
| 035 |
|
|
|a CL0640424
|
| 035 |
|
|
|a urn:nbn:sk:snk-abbr82
|
| 035 |
|
|
|a (urnnbn)urn:nbn:sk:snk:ar-0000vu
|
| 035 |
|
|
|a (uuid)64f096f9-00cb-4659-9868-df327c89f5b7
|
| 040 |
|
|
|a SNKBUCL
|b slo
|c SNKBUCL
|e AACR2
|
| 041 |
0 |
|
|a slo
|
| 044 |
|
|
|a xo
|c SK
|
| 080 |
|
|
|a 885.4-1
|2 1981
|
| 100 |
1 |
|
|a Pastirčák, Daniel,
|d 1959-
|4 aut
|9 15064
|
| 245 |
1 |
0 |
|a Zrkadlenie
|c Daniel Pastirčák
|
| 500 |
|
|
|a Inform. o aut.
|
| 655 |
|
7 |
|a slovenská poézia
|2 snkbucl
|9 70444
|
| 655 |
|
7 |
|a články z novín a časopisov
|2 snkbucl
|9 267496
|
| 773 |
0 |
|
|t Romboid
|g Roč. 32, č. 7 (1997), s. 51-54
|x 0231-6714
|
| 850 |
|
|
|a Slovenská národná knižnica
|
| 852 |
|
|
|a Slovenská národná knižnica
|
| 958 |
|
|
|a article15
|
| 958 |
|
|
|a LX
|
| 958 |
|
|
|a SK
|
| 958 |
|
|
|a RK
|
| 958 |
|
|
|a OND
|
| 958 |
|
|
|a EUIPO
|
| 992 |
|
|
|a RBX
|
| 999 |
|
|
|c 2839410
|d 2841340
|